MAIN counselling and planning (Record no. 10869)

MARC details
000 -LEADER
fixed length control field 00497cam a2200181ua 4500
008 - FIXED-LENGTH DATA ELEMENTS--GENERAL INFORMATION
fixed length control field 200218n ii |||gr||||Z||||||eng
020 ## - INTERNATIONAL STANDARD BOOK NUMBER
International Standard Book Number 9788126916221
040 ## - CATALOGING SOURCE
Transcribing agency MAIN
082 ## - DEWEY DECIMAL CLASSIFICATION NUMBER
Classification number 331.702
100 ## - MAIN ENTRY--PERSONAL NAME
Personal name Sushil Kumar Srivastava,
Relator term
245 ## - TITLE STATEMENT
Title MAIN counselling and planning
Statement of responsibility, etc. By Sushil Kumar Srivastava
250 ## - EDITION STATEMENT
Edition statement 2nd rev ed.
260 ## - PUBLICATION, DISTRIBUTION, ETC.
Place of publication, distribution, etc. New Delhi:
Name of publisher, distributor, etc. Atlantic publishers and distributors,
Date of publication, distribution, etc. 2011.
300 ## - PHYSICAL DESCRIPTION
Extent 366p.
942 ## - ADDED ENTRY ELEMENTS (KOHA)
Koha item type Books
653 ## - INDEX TERM--UNCONTROLLED
Uncontrolled term Labor economics
Holdings
Withdrawn status Lost status Damaged status Not for loan Home library Current library Shelving location Date acquired Total Checkouts Full call number Barcode Date last seen Date last checked out Copy number Price effective from Koha item type
        Central Library, Naharkatiya College Central Library, Naharkatiya College General Stacks 19/09/2020 1 331.702 | SRI 24525 01/09/2025 12/08/2025 1 19/09/2020 Books

Naharkatiya College © 2020. All rights reserved.

Powered By